El comercio electrónico y su implementación en Nicaragua
El comercio electrónico representa un novedoso estilo de comercio y por lo tanto, un nuevo método de generar ganancias en las empresas que lo implementan y los países donde lo utilizan. Nicaragua un país de subdesarrollo con altos niveles de pobreza y bajos índices de desarrollo tecnológico el...
| Main Authors: | , |
|---|---|
| Other Authors: | |
| Format: | Tesis Section = Libro |
| Language: | Undetermined Spanish |
| Published: |
Managua
UNI
2010
|
| Subjects: |
| LEADER | 01187nam a2200265Ia 4500 | ||
|---|---|---|---|
| 008 | 240830s9999 xx 000 0 und d | ||
| 040 | |a BIBLIOTECA-RUSB/ T.Mon 303.483 D352 | ||
| 041 | |a spa | ||
| 082 | |a T.Mon 303.483 D352 | ||
| 100 | 1 | |a Delgado Reyes, Verónica Elizabeth | |
| 100 | 1 | |b Aguirre Orozco, Juan Pablo | |
| 245 | 1 | 0 | |a El comercio electrónico y su implementación en Nicaragua |
| 260 | |a Managua |b UNI |c 2010 | ||
| 300 | |a 35 p. :il. | ||
| 502 | |a Tesis (Ingeniero en Computación) - UNI, 2010. | ||
| 520 | 3 | |a El comercio electrónico representa un novedoso estilo de comercio y por lo tanto, un nuevo método de generar ganancias en las empresas que lo implementan y los países donde lo utilizan. Nicaragua un país de subdesarrollo con altos niveles de pobreza y bajos índices de desarrollo tecnológico el comercio electrónico es una actividad de uso parcial. | |
| 650 | 7 | |a COMERCIO ELECTRONICO-NICARAGUA | |
| 650 | 7 | |b ECONOMIA | |
| 650 | 7 | |c COMERCIO ELECTRONICO-ASPECTOS LEGALES | |
| 650 | 7 | |d INTERNET | |
| 650 | 7 | |e LEY DE COMERCIO ELECTRONICO | |
| 700 | 1 | |a Tutor: |b Flores Quintana, Gloria Thalía | |
| 942 | |c BK |2 ddc | ||
| 991 | |a TESIS | ||
| 999 | |c 21648 | ||